00345nam a2200121Ia 4500008004100000041000800041082002000049100001800069245004500087260004800132300003100180365001200211240624s9999 xx 000 0 und d aeng a332.6730995 JAR aJARVIS DARRYL aINTERNATIONAL BUSINESS RISK A HANDBOOK F c2003aCambridgebCambridge University Press axxi, : 474 : p. : cm. ; 25 cGBPb32